USA 40K Cities on a Map: North Carolina - Statistics

General Stats
  • This quiz has been taken 12 times
  • The average score is 16 of 25
Answers on the Map
Answers color-coded by a green-red scale on the quiz's map according to % correct below.
 
Answer Stats
Answer % Correct
Asheville
100%
Charlotte
100%
Durham
100%
Raleigh
100%
Greensboro
90%
Winston-Salem
90%
Cary
80%
Fayetteville
80%
Greenville
80%
Wilmington
80%
Apex
70%
High Point
70%
Jacksonville
70%
Chapel Hill
60%
Gastonia
60%
Concord
50%
Hickory
50%
Mooresville
50%
Rocky Mount
50%
Burlington
40%
Huntersville
40%
Wake Forest
40%
Kannapolis
30%
Wilson
30%
Holly Springs
20%
No matching quizzes found
Score Distribution
Percent of People with Each Score
Percentile by Number Answered
Your Score History
You have not taken this quiz